000 00594nam a2200193Ia 4500
005 20250317124553.0
008 008 250317s9999 xx 000 0 eng d
020 _a0 521 57139 1
037 _aTextbook
040 _aFMSL
_beng
_cFMSL
041 _aeng
_2eng
084 _aX:9.1 N7
_qFMSL
100 _aSnower D J
_9315908
245 0 _aUnemployment policy : government options for the labour market
260 _aNew York
_bNew York, Cambridge University Press
_c1997
300 _a591p
942 _cTB
_hX:9.1 N7
999 _c1256044
_d1256044